Statistics for the lakes - Taylor Swift (All Lyrics)

Click here to take the quiz!

General Stats

  • This quiz has been taken 30 times
  • The average score is 213 of 234

Answer Stats

Lyrics% Correct
A
100%
a
100%
all
100%
I
100%
my
100%
to
100%
you
100%
but
96%
cry
96%
die
96%
do
96%
how
96%
Is
96%
it
96%
Lakes,
96%
like
96%
look
96%
me?
96%
me
96%
muse
96%
neither
96%
no
96%
No,
96%
not
96%
peaks
96%
perfect
96%
place
96%
poets
96%
romantic
96%
Take
96%
the
96%
Those
96%
went
96%
where
96%
Windermere
96%
With
96%
with
96%
without
96%
and
92%
And
92%
and,
92%
be
92%
belong
92%
beloved,
92%
cell
92%
don't
92%
hunters
92%
I'm
92%
of
92%
off,
92%
out
92%
phones
92%
these
92%
These
92%
want
92%
What
92%
what
92%
cut
88%
cynical
88%
elegies
88%
eulogize
88%
for
88%
here
88%
in
88%
In
88%
one
88%
right
88%
setting
88%
watch
88%
bare
85%
feet
85%
grow
85%
moved
85%
over,
85%
over
85%
sad
85%
Tell
85%
up
85%
wisteria
85%
years
85%
are
81%
around
81%
auroras
81%
'Cause
81%
clones
81%
frozen
81%
grew
81%
haven't
81%
prose
81%
red
81%
rose
81%
some
81%
words
81%
worth
81%
dropping
77%
ground
77%
hurt
77%
ice
77%
name
77%
tweet
77%
should
73%
skin
73%
waves
73%
cliffside
69%
heart
69%
love
69%
pools
69%
sleaze
69%
stopping
69%
under
69%
bathe
65%
come
65%
grief
65%
I've
65%
calamitous
62%
far
62%
burrowed
58%
insurmountable
58%
too
58%
While
50%

Score Distribution

Percentile by Number Answered

Percent of People with Each Score

Your Score History

You have not taken this quiz